Prácticas docentes universitarias y la construcción de contextos para el aprendizaje /

Guardado en:
Detalles Bibliográficos
Autor principal: Ortiz Carrión, María del Rosario (autor)
Formato: Tesis Libro
Idioma:Español
Temas:
Etiquetas: Agrega una etiqueta
Sin etiquetas, Sé el primero en etiquetar este registro!

MARC

LEADER 00000nam^a2200000^a^4500
001 000311834
005 20250521000000.0
009 20260310113058.254
037 |a Acervo ITESO - Biblioteca 
041 |a ESP 
090 |a DIE. 8 
100 |a Ortiz Carrión, María del Rosario  |e (autor) 
245 1 0 |a Prácticas docentes universitarias y la construcción de contextos para el aprendizaje /  |c M.R. Ortiz Carrión. 
264 |a Guadalajara, México :  |b edición de autor,  |c 2011 
300 |a 1 disco compacto de computadora 
336 |a datos para computadora  |b cod  |2 rdacontenido 
337 |a computadora  |b c  |2 rdamedio 
338 |a disco de computadora  |b cd  |2 rdasoporte 
502 |a ITESO Tesis de Doctorado Interinstitucional en Educación 
649 |a XX 
650 |a Alumnos -  |x Entrevistas 
650 |a Maestros -  |x Entrevistas 
650 |a Aprendizaje -  |x Tema Principal 
650 |a Práctica Educativa -  |x Tema Principal 
650 |a Proceso Educativo 
650 |a Educación Superior 
650 |a Psicología Educativa 
650 |a Educación 
910 |a Fondo General 
920 |a Electrónicos - Tesis del ITESO en Disco 
905 |a 202 
901 |a 0500199176  |b IT2  |c STS  |i D56353  |u 20250521 
902 |a https://opac.biblio.iteso.mx/vufind/Record/000311834